1980s World Leaders Names Match-Up Quiz Stats

 Plays Quiz Updated May 9, 2018

Also try: 1980s Match-Up
Challenge
Share
Tweet
Score 0/24 Timer 05:00
0 Plays Today
% Correct
Fidel
98.7%
Ronald
98.6%
Saddam
98.2%
Margaret
97.8%
Mikhail
97.1%
Indira
94.6%
Muammar
93.1%
Deng
90.5%
Pierre
87.7%
Helmut
85.4%
Ruhollah
85.2%
Fran├žois
82%
% Correct
Hosni
81.8%
Robert
81.2%
Nicolae
79.6%
Corazon
78.2%
Ferdinand
76.9%
Wojciech
76.8%
Daniel
71.3%
Erich
70.1%
Josip Broz
69.2%
Felipe
68.7%
Menachem
67.9%
Andreas
56.5%

You're not logged in!

Compare scores with friends on all Sporcle quizzes.
OR
Log In

You Might Also Like...

Show Comments

Extras

Top Quizzes Today


Score Distribution

Your Account Isn't Verified!

In order to create a playlist on Sporcle, you need to verify the email address you used during registration. Go to your Sporcle Settings to finish the process.

Report this User

Report this user for behavior that violates our Community Guidelines.

Details: